Discurso leído por Amante Laffón y Fernández, vice-presidente del Ateneo y Sociedad de Excursiones, en la solemne inauguración del curso de 1893-94. (Record no. 156873)
[ view plain ]
| 000 -LEADER | |
|---|---|
| campo de control de longitud fija | 00766nam a2200181 i 4500 |
| 001 - NÚMERO DE CONTROL | |
| campo de control | 156873 |
| 003 - IDENTIFICADOR DE NÚMERO DE CONTROL | |
| campo de control | ES-MaACL |
| 005 - FECHA Y HORA DE LA ÚLTIMA TRANSACCIÓN | |
| campo de control | 20230906210523.0 |
| 008 - DATOS DE LONGITUD FIJA--INFORMACIÓN GENERAL | |
| campo de control de longitud fija | 040805s1894 sp |||| | spa d |
| 100 1# - ENTRADA PRINCIPAL--NOMBRE DE PERSONA | |
| Nombre de persona | Laffón y Fernández, Amante. |
| 9 (RLIN) | 128582 |
| 245 10 - MENCIÓN DEL TÍTULO | |
| Título | Discurso leído por Amante Laffón y Fernández, vice-presidente del Ateneo y Sociedad de Excursiones, en la solemne inauguración del curso de 1893-94. |
| 260 ## - PUBLICACIÓN, DISTRIBUCIÓN, ETC. | |
| Lugar de publicación, distribución, etc. | Sevilla : |
| Nombre del editor, distribuidor, etc. | [s.n.], |
| Fecha de publicación, distribución, etc. | 1894 ( |
| Fabricante | Imp. de El Mercantil Sevillano) |
| 300 ## - DESCRIPCIÓN FÍSICA | |
| Extensión | 20 p. ; |
| Dimensiones | 22 cm. |
| 594 ## - Nota al título y mención de responsabilidad | |
| Nota al título y mención de responsabilidad | Tema del discurso: la literatura. |
| 650 ## - PUNTO DE ACCESO ADICIONAL DE MATERIA--TÉRMINO DE MATERIA | |
| Término de materia o nombre geográfico como elemento de entrada | Literatura- |
| Subdivisión general | Historia y crítica. |
| 9 (RLIN) | 14489 |
| 710 2# - ENTRADA AGREGADA--NOMBRE DE ENTIDAD CORPORATIVA | |
| Nombre de entidad corporativa o nombre de jurisdicción como elemento de entrada | Ateneo de Sevilla. |
| 9 (RLIN) | 2028 |
| 852 ## - LOCALIZACIÓN | |
| Ubicación | ES-MaACL |
| Número de control de estantería | T-708-F-6 |
| Nota libre | - Enc. hol. conservando cub. original |
| -- | - Enc. en un vol. facticio |
| Estatus retirado | Estado de pérdida | Estado de daño | No para préstamo | Colección | Biblioteca de origen | Biblioteca actual | Ubicación en estantería | Fecha de adquisición | Total de préstamos | Signatura topográfica completa | Código de barras | Visto por última vez | Precio de reemplazo | Tipo de ítem Koha |
|---|---|---|---|---|---|---|---|---|---|---|---|---|---|---|
| Colección de folletos | Biblioteca del Ateneo de Madrid | Biblioteca del Ateneo de Madrid | Depósito folletos | 17/01/2008 | T-708-F-6 | 1164128 | 23/02/2023 | 23/02/2023 | Folleto |
